000
00304nam a2200133Ia 4500
008
221030s9999 xx 000 0 und d
041
_a
English
082
_a
105.23
100
_a
K. C. Loudon
245
0
_a
Management Information Systems
_c
by K. C. Loudon
260
_c
0
650
_a
Mb
942
_c
BK
999
_c
10900
_d
10900